[Event "Catalunya-ch U18/20"]
[Site "Salou"]
[Date "2021.03.27"]
[Round "1"]
[White "Villa Tornero, Alex"]
[Black "Ramirez Cruz, Laura"]
[Result "1-0"]
[WhiteElo "1859"]
[BlackElo "1090"]
[PlyCount "75"]
[EventDate "2021.03.27"]
[EventType "swiss"]
[EventRounds "9"]
[EventCountry "ESP"]
[SourceTitle "CBM 202 Extra"]
[Source "ChessBase"]
[SourceDate "2021.07.31"]
[SourceVersion "1"]
[SourceVersionDate "2021.07.31"]
[SourceQuality "1"]

1. e4 e5 2. Nf3 Nc6 3. Bc4 Bc5 4. 0-0 Nf6 5. d3 0-0 6. Bg5 h6 7. Bh4 Be7 8. Nc3 b6 9. Bb5 Bb7 10. Bxc6 Bxc6 11. Nxe5 Bb7 12. Bxf6 Bxf6 13. Ng4 Be7 14. Ne3 c6 15. Nf5 Bf6 16. Qg4 Kh8 17. f4 Bc8 18. Qh5 Kh7 19. e5 d6 20. Nxd6 g6 21. Qf3 Be7 22. Qxc6 Bd7 23. Qd5 Be6 24. Qd4 Rc8 25. Kh1 Rc6 26. Ndb5 Bd7 27. Qe4 Re6 28. Nd4 f5 29. Nxe6 Bxe6 30. Qc6 Bd7 31. Qd5 Qc8 32. Qd4 Rd8 33. Qc4 Qb7 34. Qf7+ Kh8 35. Qxe7 Qc6 36. Qxd8+ Kh7 37. Qe7+ Kh8 38. Qf6+ 1-0